000 00681ctm a22002055a 4500
001 L157373
008 121119s1828 xxk f 000 0 eng d
035 _a(Sirsi) u157373
041 0 _aeng
110 2 _aMessrs. Fleet & Brewer
_96119
245 0 4 _aThe award of the commissioner appointed by an Act of Parliament for enclosure lands in the Parish of Tangley in the County of Southampton
_h[manuscript]
260 _c1828
300 _a1 v.
_bplans
520 _aItem is a manuscript survey on vellum.
583 _aConiditon reviewed
_c20120620
_lcondition level 3
651 4 _aEngland
_y886-
690 _aFinance and taxation
700 1 _aFootner, Richard
942 _n0
999 _c114738
_d114738